| 000 | 00748nam a2200229Ia 4500 | ||
|---|---|---|---|
| 003 | OSt | ||
| 005 | 20230623114354.0 | ||
| 008 | 210423s2013 xx 000 0 und d | ||
| 020 | _a978-93-80250-51-9 | ||
| 040 | _cAL | ||
| 041 | _aeng | ||
| 082 | _a515.24 BHAC | ||
| 100 |
_aBHATIA (Rajendra);RAJAN (C S);SINGH (Ajit Iqbal) _9113572 |
||
| 245 |
_aConnected at infinity II: a selection of mathematics by Indians _cSESHADRI (C S) |
||
| 260 |
_aNew Delhi _bHindustan Book Agency _c2013 |
||
| 300 |
_avii,184 _bHB |
||
| 365 |
_b350 _cINR |
||
| 440 |
_aTexts and readings in mathematics 67 _9113573 |
||
| 650 |
_aMathematical Analysis _9113574 |
||
| 906 | _aat ; Connected ; II: ; Indians ; infinity ; mathematics ; selection | ||
| 942 |
_2ddc _cBK |
||
| 999 |
_c168103 _d168103 |
||